000 01236nam0a22002531 4500
001 rc\576452
005 20250621171654.0
035 _a(NLR Aleph) 005824453
090 _a5514169
_c5514169
100 _a20031121d1988 |||y0rusy50 ca
101 0 _arus
102 _aRU
105 _ay |||||||||
200 1 _aФакторы риска в акушерстве
_eТез. докл. XVI Науч.-практ. конф. акушеров-гинекологов Карел. АССР, посвящ. 50-летию Родил. дома № 1 (30 нояб. - 2 дек. 1988 г.)
_f[Отв. ред. Л.А. Самородинова]
210 _aПетрозаводск
_cПГУ
_d1988
215 _a55 с.
_d20
300 _aВ надзаг.: М-во здравоохранения Карел. АССР, Петрозавод. гос. ун-т им. О.В. Куусинена
702 1 _aСамородинова
_bЛ.А.
_gЛидия Алексеевна
_4340
712 1 2 _aКарельская респ. науч.-практ. конф. врачей акушеров-гинекологов
_d16
_f1988
_eПетрозаводск
801 0 _aRU
_bNLR
_gpsbo
801 1 _aRU
_bELAR
_2rusmarc
852 _aNLR
_j88-4/24900
942 _cBOOK
980 _aNB